Electroweak interactions at high energies

Gardado en:
Detalles Bibliográficos
Main Authors: Kögerler, R (Author), Schildknecht, D (Author)
Formato: Libro
Idioma:inglés
Publicado: Singapur World Scientific 1983
Subjects:
Tags: Engadir etiqueta
Sen Etiquetas, Sexa o primeiro en etiquetar este rexistro!

MARC

LEADER 00000nam a2200000 a 4500
001 UCX5885
003 CL-VaPUC
008 930126e19830000SI |||||||||||||||||eng|d
082 0 4 |a 539.754  |b KOG  |2 21 
100 0 |a Kögerler, R  |e author  |9 322244 
700 0 |a Schildknecht, D  |e author  |9 322245 
245 1 0 |a Electroweak interactions at high energies 
300 |a 383 p 
942 |c BK 
945 |d 19930126 00:00:00 
260 |a Singapur  |b World Scientific  |c 1983 
650 7 |a INTERACCIONES ELECTRODEBILES  |2 CL-VaPUC  |9 322246 
650 0 |a Congresos  |9 257560 
583 |a last modification  |c 20120710 12:14:40  |k Rodrigo Vera 
999 |c 226023  |d 226021 
952 |0 0  |1 0  |4 0  |6 539_754000000000000_KOG_1983  |7 0  |8 A  |9 224041  |a BIBCUR  |b BIBCUR  |d 2019-11-15  |i 3180956  |o 539.754 KOG 1983  |p 3180956  |r 2025-04-22  |w 2019-11-15  |y BK  |k BCB